Helldivers 2 - Name a Planet in Each Sector - Statistics

General Stats
  • This quiz has been taken 36 times
  • The average score is 17 of 55
Answer Stats
Hint Answer % Correct
Umlaut Erata Prime, +3
86%
Valdis Aurora Bay, +5
82%
Sol System Super Earth, Mars
82%
Severin Malevelon Creek, +4
79%
Mirin Hellmire, +3
64%
Saleria Irulta, +3
50%
Andromeda Marfark, +4
46%
Jin Xi Acamar IV, +5
43%
Hydra Aesir Pass, +2
43%
L'Estrade Enuliale, +6
43%
Lacaille Lesath, +3
43%
Orion Azterra, +6
39%
Tanis Claorell, +5
39%
Falstaff Bore Rock, +3
36%
Draco Estanu, +2
36%
Ymir Meissa, +4
36%
Rigel Rirga Bay, +4
36%
Talus Shallus, +3
36%
Tarragon East Iridium Trading Bay, +4
32%
Gellert Minchir, +4
32%
Morgon Myrium, +3
32%
Rictus Parsh, +6
32%
Celeste Sulfura, +5
32%
Hanzo Ain-5, +4
29%
Trigon Choepessa IV, +4
29%
Altus Klen Dahth II, +4
29%
Xzar Mort, +4
29%
Cancri Prosperity Falls, +4
29%
Sten Azur Secundus, +4
25%
Marspira Barabos, +4
25%
Barnard Darrowsport, +5
25%
Nanos Duma Tyr, +3
25%
Farsight Grand Errant, +4
25%
Omega Karlia, +4
25%
Xi Tauri Skat Bay,+ 3
25%
Kelvin Zegema Paradise, +4
25%
Sagan Gunvald, +2
21%
Ferris Hadar, +3
21%
Theseus The Weir, +5
21%
Borgus Ursica XI, +3
21%
Idun Wraith, +3
21%
Gallux Kharst, +5
18%
Cantolus Kelvinor, +4
14%
Arturion Mortax Prime, +6
14%
Iptus Providence, +5
14%
Ursa Skaash, +3
14%
Akira Alaraph, +4
11%
Korpus Crucible, +4
11%
Meridian Emorath, +3
11%
Leo Haka, +3
11%
Quintus Leng Secundus, +4
11%
Hawking Mordia 9, +3
11%
Gothmar Okul VI, +2
11%
Guang Elysian Meadows, +4
7%
Alstrad Klaka 5, +2
7%
No matching quizzes found
Score Distribution
Percent of People with Each Score
Percentile by Number Answered
Your Score History
You have not taken this quiz